Responses for show #7010 - Friday, February 20, 2015

Contestants

[<< previous game]

Ashley Singh, a high school Spanish teacher from Louisville, Kentucky

Dava-Leigh Brush, a stay-at-home mom from Arnold, Missouri

Christina McTighe, a library associate from Washington, D.C. (whose 2-day cash winnings total $36,800)

[next game >>]

Jeopardy! Round responses

NEW YORK TIMES
SOUNDS LIKE A LETTER
TELEVISION POP QUIZ
(Alex: We're all about TV fathers for [*]. We'll give you the father, you identify the show.)
NATIONAL NARRATIVES
(Alex: You have to name the present-day country where these narratives have taken place.)
SMALL STUFF
BAR SCIENCE
(Alex: Featuring Spike TV's Jon Taffer of the show Bar Rescue.)
    $200 6
the Empire State Building

Dava-Leigh
    $200 21
a bee

Dava-Leigh
    $200 1
Frasier

Dava-Leigh
    $200 11
Russia

Ashley
    $200 16
Dava-Leigh: What is era?

period

ChristinaDava-Leigh
    $400 7
the NASDAQ bell (or the New York Stock Exchange bell)

Christina
    $400 22
a sea

Dava-Leigh
    $400 2
The Dick Van Dyke Show

Dava-Leigh
    $400 12
France

Ashley
    $1,000 17
(Christina: What is The Very Hungry Caterpillar?)

The Guinness Book of World Records

Christina
    $600 8
Macy's

Ashley
    $600 23
a tee

Dava-Leigh
    $600 3
Roseanne

Dava-Leigh
    $600 13
(Dava-Leigh: What is India?)

Japan

Dava-Leigh
Triple Stumper
    $600 18
a hummingbird

Dava-Leigh
    $600 28
[The end-of-round signal sounds.]

demographics

Dava-Leigh
    $800 9
Ellis Island & the Statue of Liberty

Ashley
    $800 24
why

Dava-Leigh
    $800 4
(Dava-Leigh: What is Family Ties?)

Growing Pains

Dava-LeighAshley
    $800 14
(Christina: What is Egypt?)

Israel

ChristinaDava-Leigh
    $800 19
Old King Cole

Ashley
    $800 27
well

Ashley
    $1000 10
(Dava-Leigh: What is Nathan's?)
(Ashley: What is Katz's?)

the Carnegie Deli

Dava-LeighAshley
Triple Stumper
    $1000 25
a cue

Ashley
    $1000 5
Blue Bloods

Triple Stumper
    $1000 15
China

Christina
    $1000 20
(Christina: What is a bone?)

a muscle

ChristinaDava-Leigh
    $1000 26
mixology

Christina

Scores at the first commercial break (after clue 15):

Christina Dava-Leigh Ashley
$600 -$200 $1,800

Scores at the end of the Jeopardy! Round:

Christina Dava-Leigh Ashley
-$200 $3,800 $4,400

Double Jeopardy! Round responses

QUEEN VICTORIA
TITLES ON BROADWAY
LOS ANGELES' SISTER CITIES
NONFICTION
AT THE MUSEUM
"GN"
    $400 26
the Crimean War

Dava-Leigh
    $400 1
Millie

Christina
    $400 10
Vancouver

Christina
    $400 6
(Alex: That's the city!)

Berlin

Christina
    $400 11
Julia Child

Christina
    $400 17
gnash

Dava-Leigh
    $800 27
(Alex: Yeah, go with your first inclination!)

Gilbert & Sullivan

Christina
    $800 2
Bullets

Ashley
    $800 22
Shinto

Christina
    $800 7
(Alex: Those are the two!)

David & Goliath

ChristinaAshley
    $2,500 12
the Spanish Armada

Christina
    $800 18
a gnome

Dava-Leigh
    $1200 28
hemophilia

Dava-Leigh
    $1200 3
Husband

Christina
    $1200 23
(Ashley: What is Hong Kong?)

Taipei

ChristinaAshley
    $1200 8
Lean In

Ashley
    $1200 13
Sitting Bull

Dava-Leigh
    $1200 19
a gnat

Dava-Leigh
    $1600 29
[The end-of-round signal sounds.]

John Brown

Triple Stumper
    $1600 4
Love & Murder

Christina
    $1600 24
(Alex: A minute to go.)

Giza

Dava-Leigh
    $1,000 9
The Perfect Storm

Ashley
    $1600 14
(Dava-Leigh: What is Guggenheim?)

Hewitt

ChristinaDava-Leigh
    $1600 20
gneiss

Triple Stumper
    $2000 5
the Elms

Dava-Leigh
    $2000 25
Armenia

Ashley
    $2000 16
Kim Philby

Triple Stumper
    $2000 15
Sue

Christina
    $2000 21
gnomon

Triple Stumper

Scores at the end of the Double Jeopardy! Round:

Christina Dava-Leigh Ashley
$13,900 $11,000 $7,400

[wagering suggestions for these scores]

Final Jeopardy! Round responses

WORD ORIGINS
(Alex: It might've helped you if I had told you that it comes from the French.)
...
[Ashley was going for "ornate".]
...
(Alex: Flambé, [*]. [*].)
AshleyWhat is ornal
$7,400
Dava-LeighWhat is ornate?
$9,500
ChristinaWhat is ornate?
$13,900
flamboyant

Final scores:

Christina Dava-Leigh Ashley
$0 $1,500 $0
2nd place: $2,000 New champion: $1,500 3rd place: $1,000

Game dynamics:

Coryat scores:

Christina Dava-Leigh Ashley
$13,200 $11,000 $8,000
17 R
(including 1 DD),
3 W
(including 1 DD)
20 R,
5 W
12 R
(including 1 DD),
3 W

Combined Coryat: $32,200

The J! Archive is created by fans, for fans. The Jeopardy! game show and all elements thereof, including but not limited to copyright and trademark thereto, are the property of Jeopardy Productions, Inc. and are protected under law. This website is not affiliated with, sponsored by, or operated by Jeopardy Productions, Inc. Join the discussion at JBoard.tv.